000 01075nam2a2200229 4500
001 rc\2895016
005 20260315053334.0
035 _a(NLR Aleph) 007047031
090 _a13589569
_c13589569
100 _a20110727d1928 u y0rusy50 ca
101 0 _arus
102 _aRU
105 _ay z |||||
200 1 _aТруд на хлопчато-бумажной фабрике
210 _d1928
461 0 _1001rc\2895014
_12001#$aРабочая библиотека Профессиональная заболеваемость и ее предупреждение$e№ 2-$fИн-т проф. болезней им. В.А. Обуха$v№ 3
_96153637
_cМосква
_d1928
_fИн-т проф. болезней им. В.А. Обуха
_nин-т им. В. А. Обуха
_o№ 2-
_tРабочая библиотека Профессиональная заболеваемость и ее предупреждение
_v№ 3
700 1 _aСоколов
_bЯ.А.
801 0 _aRU
_bNLR
_gpsbo
801 1 _aRU
_bELAR
_2rusmarc
852 _aNLR
_j62/3685(3)
942 _cUNSPEC
980 _aNB